Catálogo

EXPRESION Y APRECIACION ARTISTICAS : (Registro nro. 14067)

Detalles MARC
000 -LEADER
fixed length control field 00464nam a2200181 a 4500
001 - CONTROL NUMBER
control field 14067
005 - DATE AND TIME OF LATEST TRANSACTION
control field 20180713202519.0
008 - FIXED-LENGTH DATA ELEMENTS--GENERAL INFORMATION
fixed length control field 140415s1994 mx 000 0 spa d
020 ## - INTERNATIONAL STANDARD BOOK NUMBER
International Standard Book Number 9682450217
041 ## - LANGUAGE CODE
Language code of text/sound track or separate title spa
082 ## - DEWEY DECIMAL CLASSIFICATION NUMBER
Classification number 730.11
Item number ACH
100 1# - MAIN ENTRY--PERSONAL NAME
Personal name ACHA, JUAN
245 10 - TITLE STATEMENT
Title EXPRESION Y APRECIACION ARTISTICAS :
Remainder of title ARTES PLASTICAS
250 ## - EDITION STATEMENT
Edition statement 2a ed.
260 ## - PUBLICATION, DISTRIBUTION, ETC.
Place of publication, distribution, etc. MEXICO :
Name of publisher, distributor, etc. TRILLAS,
Date of publication, distribution, etc. 1994
300 ## - PHYSICAL DESCRIPTION
Extent 240
650 14 - SUBJECT ADDED ENTRY--TOPICAL TERM
Topical term or geographic name entry element ARTES
General subdivision ENSEANZA
Existencias
Withdrawn status Lost status Source of classification or shelving scheme Damaged status Not for loan Collection code Home library Current library Shelving location Date acquired Source of acquisition Inventory number Total Checkouts Total Renewals Full call number Barcode Date last seen Date last checked out Price effective from Koha item type
    Dewey Decimal Classification     General Biblioteca Karol Wojtyla Biblioteca Karol Wojtyla Sala general 03/12/2013 Compra 151000000000000000027076 4 3 730.11 ACH 85740 05/01/2026 17/06/2025 03/12/2013 Libro
    Dewey Decimal Classification     General Biblioteca Karol Wojtyla Biblioteca Karol Wojtyla Sala general 03/12/2013 Compra 151000000000000000027077 5 2 730.11 ACH 79812 05/01/2026 14/10/2023 03/12/2013 Libro
    Dewey Decimal Classification     General Biblioteca Karol Wojtyla Biblioteca Karol Wojtyla Sala general 03/12/2013 Compra 151000000000000000027078 2   730.11 ACH 31107 05/01/2026 26/07/2019 03/12/2013 Libro